000 00443nam a2200169Ia 4500
005 20250508163722.0
008 008 250505s9999 xx 000 0 urd d
037 _aTextual
040 _aFEDL
_beng
_cFEDL
041 _aurd
_2eng
084 _a891.439, MOH
_qFEDL
100 _aMohsin Sayaid Mohammad
_9776101
245 0 _aIbtidai nafasiyat
260 _c1984
942 _cTEXL
_h891.439, MOH
999 _c1384878
_d1384878